The Lazy Song - Bruno Mars (all lyrics) - Statistiques

Statistiques générales
  • Ce quiz a été pris 50 fois
  • Le résultat moyen est 198 sur 308
Statistiques - réponses
Réponse % Correct
a
100%
do
98%
I
98%
my
98%
don't
95%
Don't
95%
be
93%
in
93%
just
93%
to
93%
Today
93%
today
93%
anything
90%
bed
90%
feel
90%
lay
88%
like
88%
wanna
85%
So
83%
so
83%
Cause
80%
cause
80%
doing
80%
No
80%
the
80%
not
78%
phone
78%
up
75%
at
73%
me
70%
leave
68%
mess
65%
I'm
63%
message
63%
picking
58%
swear
58%
can
53%
it
50%
said
48%
gon
45%
gonna
45%
tone
45%
all
38%
And
38%
and
38%
on
38%
This
38%
Yes
38%
Nothing
35%
great
33%
is
33%
then
33%
girl
30%
I'll
30%
nice
30%
sex
30%
TV
30%
can't
28%
going
28%
hand
28%
really
28%
feet
25%
have
25%
how
25%
kick
25%
pants
25%
tell
25%
wait
25%
Yeah
25%
anywhere
23%
But
23%
hair
23%
some
23%
Turn
23%
ain't
20%
birthday
18%
couch
18%
get
18%
MTV
18%
of
18%
out
18%
proud
18%
scream
18%
she's
18%
sorry
18%
stare
18%
they
18%
wake
18%
will
18%
degree
15%
everything
15%
let
15%
snuggie
15%
teach
15%
throw
15%
you'll
15%
around
13%
bet
13%
castle
13%
Click
13%
college
13%
comb
13%
fan
13%
freaking
13%
man
13%
Meet
13%
might
13%
pops
13%
suit
13%
Tomorrow
13%
chilling
10%
hang
10%
loose
10%
Nobody's
10%
old
10%
lounging
5%
dougie
3%
P90X
3%
strut
0%
Aucun quiz correspondant
Distribution des résultats
% des personnes avec chaque résultat
Percentile par nombre de réponses
Votre historique - résultats
Vous n’avez pas pris ce quiz